Pikmin 2 Caves - Statistics

General Stats
  • This quiz has been taken 25 times
  • The average score is 11 of 14
Answer Stats
Map Answer % Correct
Dream Den
91%
Submerged Castle
91%
Hole of Heroes
86%
Snagret Hole
86%
Valley Of Repose Emergence Cave
82%
White Flower Garden
82%
Awakening Wood Hole of Beasts
77%
Shower Room
77%
Wistful Wild Cavern of Chaos
73%
Glutton's Kitchen
73%
Subterranean Complex
73%
Perplexing Pool Citadel of Spiders
68%
Bulblax Kingdom
64%
Frontier Cavern
59%
No matching quizzes found
Score Distribution
Percent of People with Each Score
Percentile by Number Answered
Your Score History
You have not taken this quiz